Piliere podnikateľskej úspešnosti

Tretí ročník súťaže Národná cena SR za kvalitu - porovnanie výkonnosti našich firiem v jednotlivých kategóriách i so zahraničnou konkurenciou na báze kritérií, ktoré sa uplatňujú v svetových súťažiach manažérstva kvality. Záujem o cenu aj medzi podnikmi z oblasti potravinárstva, Výsledky súťaže za r...

Ausführliche Beschreibung

Gespeichert in:
Bibliographische Detailangaben
1. Verfasser: Sadloňová, Marianna
Format: Buchkapitel
Sprache:Slowakisch
Schlagworte:
Tags: Tag hinzufügen
Keine Tags, Fügen Sie das erste Tag hinzu!

MARC

LEADER 00000naa a2200000 4500
001 r047689
005 20231002114934.2
041 0 |a slo 
044 |a SK 
245 1 0 |a Piliere podnikateľskej úspešnosti  |c Marianna Sadloňová 
520 |a Tretí ročník súťaže Národná cena SR za kvalitu - porovnanie výkonnosti našich firiem v jednotlivých kategóriách i so zahraničnou konkurenciou na báze kritérií, ktoré sa uplatňujú v svetových súťažiach manažérstva kvality. Záujem o cenu aj medzi podnikmi z oblasti potravinárstva, Výsledky súťaže za rok 2002, víťazi, ocenení finalisti. 
610 2 0 |a kvalita 
610 2 0 |a kvalita výrobkov 
610 2 0 |a riadenie kvality 
610 2 0 |a súťaže 
610 2 0 |a Slovensko 
100 1 |a Sadloňová, Marianna